| 000 | 00579nam a2200217 4500 | ||
|---|---|---|---|
| 003 | OSt | ||
| 005 | 20140310182119.0 | ||
| 008 | 130827t xxu||||| |||| 00| 0 eng d | ||
| 020 | _a9780736807685 | ||
| 050 |
_aDT 49 _b.B73 2002 |
||
| 082 |
_aHS 962 _b.B64 2002 |
||
| 100 |
_aBoraas, Tracey. _913901 |
||
| 245 |
_aEgypt / _cTracey Boraas. |
||
| 260 |
_aMinnesota : _bBridgestone Books, _cc2002. |
||
| 300 |
_a64 p, : _bill, ; _c24 cm. |
||
| 500 | _aincludes index. | ||
| 541 | _j1 | ||
| 562 | _e1 | ||
| 650 |
_a Egypt, _xJuvenile literature. _913902 |
||
| 942 |
_2lcc _cHS |
||
| 999 |
_c9506 _d9506 |
||